000 00539nam a2200193Ia 4500
999 _c34593
_d34593
003 OSt
005 20200825124738.0
008 190216s9999||||xx |||||||||||||| ||und||
020 _a9788121928014
040 _coclc
082 _a539
_bMUR/M
100 _aMurugeshan, R
_94330
245 0 _aModern Physics /
_cR Murugeshan ; Kiruthiga Sivaprasath
250 _a17th Ed.
260 _bS. Chand & Company,
_c2014.
_aNew Delhi:
300 _a1040p
650 _aPhysics
942 _cBK
_2ddc
_h539
_iMUR/M
_k539
_mMUR/M